000 00607nam a2200205Ia 4500
003 OSt
005 20250307112444.0
008 210210b1975 xxu||||| |||| 00| 0 eng d
040 _cAL
041 _ahin
082 _aH891.8 JAUG
100 _aJAUHAR (Surinder Simh):
_9204759
110 _bजौहर सुरिंदर सिंह
_9204760
245 _aGuru Nanak:ek jivani:
_bगुरु नानक एक जीवनी
260 _aN Dilli
_bSterling Pablishing Private Limited
_c1975
300 _a204
690 _aHindi Miscellaneous
_9204761
906 _a032130
942 _2ddc
_cBK
999 _c82925
_d82925